Tekken 6 Characters - Statistics

General Stats
  • This quiz has been taken 125 times
  • The average score is 33 of 43
Answer Stats
Hint Answer % Correct
Boss Jin Kazama
99%
Default Characters Nina Williams
93%
Default Characters Kazuya Mishima
92%
Default Characters Anna Williams
91%
Default Characters Heihachi Mishima
88%
Default Characters Panda
88%
Default Characters King II
87%
Default Characters Kuma II
87%
Default Characters Paul Phoenix
87%
Default Characters Eddy Gordo
86%
Default Characters Asuka Kazama
84%
Default Characters Chaolan Lee
84%
Default Characters Emilie "Lili" De Rochefort
84%
Bloodline Rebellion Alisa Bosconovitch
83%
Default Characters Marshall Law
83%
Default Characters Christie Monteiro
82%
Default Characters Yoshimitsu
82%
Default Characters Devil Jin
80%
Bloodline Rebellion Lars Alexandersson
80%
Default Characters Armor King II
79%
Final Boss Azazel
79%
Default Characters Raven
79%
Default Characters Eleonor "Leo" Kliesen
78%
Default Characters Jack-6
78%
Default Characters Bryan Fury
76%
Default Characters Robert "Bob" Richards
76%
Default Characters Steve Fox
75%
Default Characters Wulong Lei
75%
Default Characters Hwoarang
74%
Default Characters Zafina
72%
Default Characters Julia Chang
71%
Default Characters Craig Marduk
70%
Default Characters Mokujin
70%
Default Characters Xiaoyu Ling
70%
Default Characters Bruce Irvin
68%
Default Characters Sergei Dragunov
68%
Default Characters Ganryu
67%
Default Characters Doo-San Baek
64%
Default Characters Jinrei Wang
64%
Default Characters Wei Feng
64%
Default Characters Roger Jr.
63%
Default Characters Miguel Caballero Rojo
61%
Bonus Boss NANCY-MI847J
45%
No matching quizzes found
Score Distribution
Percent of People with Each Score
Percentile by Number Answered
Your Score History
You have not taken this quiz